Dostavba prieluky, Radlinského ulica, Bratislava

Gespeichert in:
Bibliographische Detailangaben
1. Verfasser: Bázliková, Rebeka (Verfasst von)
Weitere Verfasser: Kráľová, Eva (Betreuung Doktorarbeit)
Format: Manuskript Buch
Sprache:Slowakisch
Veröffentlicht: Bratislava 2022
Schlagworte:
Online-Zugang:http://is.stuba.sk/zp/portal_zp.pl?podrobnosti=152754
Tags: Tag hinzufügen
Keine Tags, Fügen Sie das erste Tag hinzu!

MARC

LEADER 00000ntm a22000003a 4500
001 stuzp89578
003 SK-STU
005 20221026123712.8
007 ta
008 150427s2015----xo-----f-mn---000-0-slo-d
040 |a STU  |b slo 
041 0 |a slo 
100 1 |a Bázliková, Rebeka  |u 053130  |4 aut  |U FAD Fakulta architektúry a dizajnu  |T FAD Ústav dejín a teórie architektúry a obnovy pamiatok  |X 99359  |U A3130  |Y 394  |7 99359 
242 0 1 |a Gap Building, Radlinského Street, Bratislava  |y eng 
245 1 0 |a Dostavba prieluky, Radlinského ulica, Bratislava 
260 |c 2022  |a Bratislava 
650 4 |a prieluka  |2 slo 
650 4 |a zdravie a pohyb  |2 slo 
650 4 |a fitness centrum  |2 slo 
650 4 |a gap  |2 eng 
650 4 |a health and move  |2 eng 
650 4 |a fitness centrum  |2 eng 
700 1 |a Kráľová, Eva  |u 053130  |k Z8  |4 ths  |U FAD Fakulta architektúry a dizajnu  |T FAD Ústav dejín a teórie architektúry a obnovy pamiatok  |X 391  |U A3130  |Y 394  |7 A000000391 
856 4 |u http://is.stuba.sk/zp/portal_zp.pl?podrobnosti=152754  |u https://opac.crzp.sk/?fn=detailBiblioForm&sid=62A48EA6D8C294D55BC6B7542714